| 000 | 00922nam a22002057a 4500 | ||
|---|---|---|---|
| 999 |
_c15582 _d15582 |
||
| 003 | AR-CdUCM | ||
| 008 | 190429b ||||| |||| 00| 0 spa d | ||
| 040 |
_aMUNICIPALIDAD PROVINCIAL DEL CUSCO _cBIBLIOTECA MUNICIPAL DEL CUSCO |
||
| 082 |
_22ed _a373.34 / _bM26 / 1967 |
||
| 100 |
_aMérquez, Ángel Diego _934702 |
||
| 245 |
_aDidactica de las matematicas elementales : _bLa enseñanza de las matemáticas por el método de los números en color - método Cuisenaire / |
||
| 260 |
_aBuenos Aires : _bEl ateneo, _c1967. |
||
| 300 |
_a167 páginas ; _bFotografías, Ilustraciones, _c19 cm. |
||
| 505 | _aContenido: El método Cuisenaire -- Los fundamentos psicopedagogicos del aprendizaje de las matemáticas -- El material Cuisenaire... | ||
| 650 |
_aAprendizaje _92143 |
||
| 650 |
_aCuisenaire _934703 |
||
| 650 |
_aMétodos de aprendizaje de las matemáticas _934704 |
||
| 942 |
_2ddc _cLIBROS |
||
| 945 |
_adavv _d29/04/2019 |
||